000 00464nam a2200181 a 4500
001 1766296075808
003 YourLibrary
005 20251221111917.0
008 251221s2007##################000#0#eng##
020 _a9780737732658
082 0 4 _a616.860
_bKAR
100 1 _aKarson, Jill,
_eauthor.
245 1 0 _aTeen Addiction :
260 _bGreenhaven Publishing,
_c2007.
650 0 _aDrug abuse.
942 _cENGLISH
040 _aYourLibrary
_beng
_cYourLibrary
999 _c603348
_d603348